| 000 | 00949cam a2200265 a 4500 | ||
|---|---|---|---|
| 001 | 000007616 | ||
| 003 | DO-SdBNP | ||
| 005 | 20251029110442.0 | ||
| 008 | 991129s1998 ve ac b 001 0 spa d | ||
| 020 | _a9806397711 | ||
| 040 |
_aDO-SdBNP _bspa _cDLC _dBNPHU |
||
| 049 | _aBNGR | ||
| 082 |
_a630.987 _bP689m |
||
| 100 | 1 |
_aPittier, Henri, _d1857-1950. _96828 |
|
| 245 | 1 | 3 |
_aLa modernización difícil : _bHenri Pittier en Venezuela, 1920-1950 / _cHenri Pittier ; edición Renato Valdivienso ; compiladora Yolanda Texera Arnal. |
| 260 |
_aCaracas, (Venezuela) : _bFundación Polar, _c1998. |
||
| 300 |
_a704 p. : _bil., retrs. ; _c30 cm. |
||
| 504 | _aIncluye referencias bibliográficas. | ||
| 650 | 4 |
_aAgricultura _zVenezuela _921131 |
|
| 650 | 4 |
_aBotánica _zVenezuela _921132 |
|
| 700 | 1 |
_aValdivienso, Valdivienso _eed. _921133 |
|
| 700 | 1 |
_aTexera Arnal, Yolanda. _ecomp. _921134 |
|
| 910 | _aCatalogación por copia / LC | ||
| 942 |
_2ddc _cLBS1 |
||
| 999 |
_c7396 _d7396 |
||